书目信息 |
| 题名: |
建筑施工现场临时用电
|
|
| 作者: | 成军 主编 | |
| 分册: | ||
| 出版信息: | 北京 中国建筑工业出版社 2002.10 |
|
| 页数: | 221页 | |
| 开本: | 20cm | |
| 丛书名: | ||
| 单 册: | ||
| 中图分类: | TU731.4 | |
| 科图分类: | ||
| 主题词: | 建筑工程--施工机具 | |
| 电子资源: | ||
| ISBN: | 7-112-05338-2 | |
| 000 | 00577nam0 2200193 45 | |
| 001 | 0438049521 | |
| 005 | 20041025104326.52 | |
| 010 | @a7-112-05338-2@dCNY 12.00 | |
| 100 | @a20040427d2002 km y0chiy0120 ea | |
| 101 | 0 | @achi |
| 102 | @aCN@b110000 | |
| 200 | 1 | @a建筑施工现场临时用电@Ajian zhu shi gong xian chang lin shi yong dian@f成军主编@FCheng Jun Zhu Bian |
| 210 | @a北京@c中国建筑工业出版社@d2002.10 | |
| 215 | @a221页@d20cm | |
| 606 | 0 | @a建筑工程@x施工机具 |
| 690 | @aTU731.4@v3 | |
| 701 | 0 | @a成军@ACheng Jun@4主编 |
| 801 | 0 | @aCN@bPFT@c20041025 |
| 905 | @dTU731.4@eC718 | |
| 建筑施工现场临时用电/成军主编.-北京:中国建筑工业出版社,2002.10 |
| 221页;20cm |
| ISBN 7-112-05338-2:CNY 12.00 |
| ● |
| 相关链接 |
|
|
|
正题名:建筑施工现场临时用电
索取号:TU731.4/C718
 
预约/预借
| 序号 | 登录号 | 条形码 | 馆藏地/架位号 | 状态 | 备注 |
| 1 | 392255 | 203922559 | 土木与交通工程学院资料室/土木与交通学院资料室 1排1列1层/ [索取号:TU731.4/C718] | 在馆 | |
| 2 | 392256 | 203922568 | 建筑库201/201建筑库 107排4列4层/ [索取号:TU731.4/C718] | 在馆 | |
| 3 | 392257 | 203922577 | 建筑库201/201建筑库 187排4列4层/ [索取号:TU731.4/C718] | 在馆 | |
| 4 | 422402 | 204224026 | 自科二线404/404自科库 3排4列5层/ [索取号:TU731.4/C718] | 在馆 | |
| 5 | 422403 | 204224035 | 土木与交通工程学院资料室/土木与交通学院资料室 1排1列1层/ [索取号:TU731.4/C718] | 在馆 | |
| 6 | 422404 | 204224044 | 建筑库201/201建筑库 107排4列4层/ [索取号:TU731.4/C718] | 在馆 |